Представление документа в формате RUSMARC

ПолеНазваниеЗначение
  Тип записи a
  Библиографический уровень m
001 Контрольный номер RU/ГПНТБ России/IBIS/28.69я2/Т 67-226564269
005 Дата корректировки 20260423111402.7
010 Индекс ISBN __
a ISBN 978-5-389-17989-9
b Уточнения рус.
b Уточнения в пер.
010 Индекс ISBN __
a ISBN 978-1-78741-631-4
b Уточнения англ.
9 Тираж 5000 экз.
d Цена 2544-70
100 Данные общей обработки __
a Данные общей обработки 20260327d2025 maey0rusy028902 ca
101 Язык документа 1_
a Язык текста rus
c Язык оригинала eng
102 Страна публикации __
a Страна публикации RU
105 Кодированные данные (монография) __
a Кодированные данные (монография) a z 001yy
181 Поле кодированных данных: вид содержания _0
a Код вида содержания (ISBD) i
181 Поле кодированных данных: вид содержания _0
a Код вида содержания (ISBD) b
182 Поле кодированных данных: тип средства _0
a Код типа средства (ISBD) n
200 Заглавие и сведения об ответственности 1_
a Заглавие Океанариум
f Первые сведения об ответственности текст: Лавдэй Триник
g Последующие сведения об ответственности иллюстрации: Тиган Уайт
g Последующие сведения об ответственности перевод с английского: Кирилл Турко
203 Вид содержания и тип средства __
c Тип средства непосредственные
a Вид содержания Текст
a Вид содержания Изображение
b Характеристика содержания двухмерное
b Характеристика содержания неподвижное
210 Выходные данные 1_
a Место издания Москва
c Издательство Махаон
c Издательство Азбука-Аттикус
d Дата издания 2025
215 Физическое описание __
a Объем 98, [6] с.
c Иллюстрации/тип воспроизводства цв. ил.
d Формат 37 см
225 Серия 2_
a Серия Добро пожаловать в музей
300 Общие примечания __
a Общие примечания Информация об авторах в конце книги
300 Общие примечания __
a Общие примечания На обложке: Кураторы: Лавдэй Триник и Тиган Уайт
320 Библиография __
a Библиография Указатели русских и латинских названий в конце книги
330 Аннотация __
a Аннотация Добро пожаловать в наш "Океанариум"! Этот постоянно открытый музей приглашает посетителей в путешествие по Мировому океану - уникальной экосистеме, наполненной всевозможными формами жизни. Вы увидите множество морских обитателей - от микроскопического планктона и разноцветных медуз до удивительных глубоководных рыб и огромных китов. Океан - невероятная тайна, которую нам ещё только предстоит раскрыть. Заходите в наш музей и познакомьтесь с потрясающим подводным миром.
333 Примечание о целевом назначении __
a Примечание о целевом назначении 6+. Для детей старше шести лет
606 Тематические рубрики __
a Основная рубрика Биология
2 Код системы nlr_sh
606 Тематические рубрики __
a Основная рубрика Прикладная биология
2 Код системы nlr_sh
610 Ключевые слова 1_
a Ключевые слова океан
610 Ключевые слова 0_
a Ключевые слова детская литература
610 Ключевые слова 0_
a Ключевые слова гидробиология
610 Ключевые слова 0_
a Ключевые слова занимательная океанология
610 Ключевые слова 0_
a Ключевые слова экология
610 Ключевые слова 0_
a Ключевые слова занимательная биология
610 Ключевые слова 0_
a Ключевые слова познавательная литература
610 Ключевые слова 0_
a Ключевые слова научно-популярная литература
610 Ключевые слова 0_
a Ключевые слова стрекающие
610 Ключевые слова 0_
a Ключевые слова морские птицы
610 Ключевые слова 0_
a Ключевые слова Мировой океан
610 Ключевые слова 1_
a Ключевые слова экологические зоны океана
610 Ключевые слова 1_
a Ключевые слова планктон
610 Ключевые слова 1_
a Ключевые слова моллюски
610 Ключевые слова 1_
a Ключевые слова иглокожие
610 Ключевые слова 0_
a Ключевые слова океанические животные
610 Ключевые слова 0_
a Ключевые слова морские животные
610 Ключевые слова 0_
a Ключевые слова глубоководные рыбы
610 Ключевые слова 0_
a Ключевые слова фауна океанов
610 Ключевые слова 0_
a Ключевые слова фауна морей
610 Ключевые слова 0_
a Ключевые слова флора океанов
610 Ключевые слова 0_
a Ключевые слова морские млекопитающие
610 Ключевые слова 0_
a Ключевые слова морские рыбы
610 Ключевые слова 1_
a Ключевые слова членистоногие
610 Ключевые слова 1_
a Ключевые слова рыбы
610 Ключевые слова 1_
a Ключевые слова млекопитающие
610 Ключевые слова 1_
a Ключевые слова водоплавающие птицы
610 Ключевые слова 1_
a Ключевые слова рептилии
610 Ключевые слова 1_
a Ключевые слова человек и океан
686 Индексы других классификаций __
2 Код системы rubbks
a Классификационный индекс ст28.082
700 Автор _1
a Фамилия Триник
b Имя Л.
g Полное личное имя Лавдэй
4 Код отношения 070
702 Вторичная интеллектуальная ответственность _1
a Фамилия Уайт
b Имя Т.
g Полное личное имя Тиган
4 Код отношения 440
702 Вторичная интеллектуальная ответственность _1
a Фамилия Турко
b Имя К.
g Полное личное имя Кирилл
4 Код отношения 730
801 Источник записи _0
b Организация ГПНТБ России
a Страна RU
c Дата составления 20260327
g Правила каталогизации PSBO
801 Источник записи _1
b Организация ГПНТБ России
a Страна RU
c Дата составления 20260327
g Правила каталогизации PSBO
852 Данные о местонахождении 5_
j Шифр хранения ст28.082
i Авторский знак Т 67
900 Макрообъекты __
a Макрообъекты Океанариум. Триник, Л., 2025
901 Тип документа __
a Ответственный ООФиК/Губина
t Тип документа m
901 Тип документа __
a Ответственный 4 партия
903 Характеристики (МАРС) __
a Дата передачи 20260413
c Наименование библиотеки (МАРС) Муниципальное бюджетное учреждение культуры "Централизованная библиотечная система" г. Сургут (Центральная городская библиотека им. А. С. Пушкина)
969 Тип издания __
a Тип издания издание для детей
a Тип издания научно-популярное издание
a Тип издания справочное издание
990 Данные о заказе (DOS) __
j Количество экземпляров (DOS) 5
t N записи в КСУ для И/У (DOS) 202604